000 01533nam a2200241Ia 4500
003 Ost
005 20260507075112.0
008 260507s9999||||xx |||||||||||||| ||und||
020 _a306116997
040 _cfsecg
041 _aara
082 _a330
100 _aأبو الهيجاء، محمد إبراهيم
_eمؤلف
245 0 _aعقود التجارة الإلكترونية :
_bالعقود الالكترونية-المنازعات العقدية وغير العقدية-القانون الواجب التطبيق /
_c محمد إبراهيم أبو الهيجاء
260 _aعمان:
_bدار الثقافة للنشر والتوزيع,
_c2005
300 _a170 صفحة؛
_bإيضاحات ؛
_c25 سم
504 _aالملاحق:ص.127-158؛159-166؛الرسائل والأبحاث:ص.167-169؛مجموعة الأحكام والقوانين:ص.170
520 _aشبكة الإنترنت،التجارة الإلكترونية،عقود التجارة الإلكترونية والذي سنتناوله من خلال فصلين،العقد الإلكتروني،إثبات العقد الإلكتروني،قواعد الإسناد وعقود التجارة الإلكترونية،قواعد الإسناد التقليدية،مدى ملائمة قواعد الإسناد للتطبيق على عقود التجارة الإلكترونية
653 _aالتجارة الإلكترونية
653 _aالعقود التجارية
653 _aالقانون التجاري
942 _cكتاب
999 _c42932
_d42932